Normal view MARC view

Entry Personal Name

Number of records used in: 1

001 - CONTROL NUMBER

  • control field: 1135957

003 - CONTROL NUMBER IDENTIFIER

  • control field: OSt

005 - DATE AND TIME OF LATEST TRANSACTION

  • control field: 20260320201807.0

008 - FIXED-LENGTH DATA ELEMENTS

  • fixed length control field: 260320|| aca||aabn | a|a d

040 ## - CATALOGING SOURCE

  • Original cataloging agency: OSt
  • Transcribing agency: OSt

100 ## - HEADING--PERSONAL NAME

  • Personal name: Mrzygłód

670 ## - SOURCE DATA FOUND

  • Source citation: Work cat.: (OSt)1723568: Mrzygłód, Azure for Developers: The definitive guide to creating secure, scalable Azure apps with GenAI, serverless, and DevOps pipelines
Copyright @ Delhi University Library System